00575 2200193 4500001002100000005001700021008004100038035002500079090001500104100002500119245004700144250001300191260003700204300002300241500002700264650006600291850001200357990001200369YOGYA-0209000003533720150428090141.0 ind  a0010-020900000035337 a917bTho W aThoreau, Henry David aThe Walk to lands endcHenry David Thoreau a1 st. ed aNew YorkbThe New Americanc1965 a126 hlm. ;c18 cm. aBibliografi : hlm. 126 aAmerika Serikat - Tanjung CodxTanjung Cod di Amerika Serikat aYOPDYOG a11119-a